Statistics for Rainbow Six Siege Operators Quiz

Click here to take the quiz!

General Stats

  • This quiz has been taken 38 times
    (27 since last reset)
  • The average score is 42 of 61

Answer Stats

OperatorOrganizationReal NameBirthplace% Correct
AshFBI SWATEliza CohenJerusalem, Israel
100%
BlackbeardNavy SEALsCraig JensonWashington
88%
BlitzGSG 9Elias KötzBremen, Germany
88%
GlazSpetsnazTimur GlazkovVladivostok, Russia
88%
Attackers:SledgeSASSeamus CowdenJohn O'Groats, Scotland
88%
ThermiteFBI SWATJordan TracePlano, Texas
88%
DocGIGNGustave KatebParis, France
83%
FuzeSpetsnazShuhrat KessikbayevSamarkand, Uzbekistan
83%
ThatcherSASMike BakerBideford, England
83%
TwitchGIGNEmmanuelle PichonNancy, France
83%
BuckJTF2Sébastien CôtéMontreal, QC
79%
CapitãoBOPEVicente SouzaNova Iguaçu, Brazil
79%
FinkaCBRN Threat Unit / SpetsnazLera MelnikovaGomel, Belarus
79%
IQGSG 9Monika WeissLeipzig, Germany
79%
JackalGEORyad Ramírez Al-HassarCeuta, Spain
79%
MontagneGIGNGilles TouréBordeaux, France
79%
MuteSASMark R. ChandarYork, England
79%
RookGIGNJulien NizanTours, France
79%
Defenders:SmokeSASJames PorterLondon, England
79%
ZofiaGROMZofia BosakWrocław, Poland
79%
GridlockSASRTori Tallyo FairousLongreach, Central Queensland, Australia
75%
HibanaSATYumiko ImagawaNagoya, Japan
75%
KaliNIGHTHAVENJaimini Kalimohan ShahAmreli, India
75%
LionCBRN Threat Unit / SpetsnazOlivier FlamentToulouse, France
75%
NøkkJaeger Corps[[REDACTED]][[REDACTED]]
75%
PulseFBI SWATJack EstradaGoldsboro, North Carolina
75%
AmaruAPCAAzucena Rocío QuispeCojata, Peru
71%
EchoSATMasaru EnatsuSuginami, Tokyo
71%
MaverickGSUTR Delta ForceErik ThornBoston, Massachusetts
71%
NomadGIGRSanaa El MaktoubMarrakesh, Morocco
71%
WardenSecret ServiceCollinn McKinleyLouisville, Kentucky
71%
YingSDUSiu Mei LinHong Kong, Central
71%
AceNIGHTHAVENHåvard HauglandLærdalsøyri, Norway
67%
BanditGSG 9Dominic BrunsmeierBerlin, Germany
67%
CastleFBI SWATMiles CampbellSherman Oaks, California
67%
Dokkaebi707th SMBGrace NamSeoul, South Korea
67%
FrostJTF2Tina Lin TsangVancouver, BC
67%
JägerGSG 9Marius StreicherDüsseldorf, Germany
67%
KapkanSpetsnazMaxim BasudaKovrov, Russia
67%
MozzieSASRMax GoosePortland, Australia
67%
TachankaSpetsnazAlexsandr SenavievSaint Petersburg, Russia
67%
IanaREUNienke MeijerKatwijk, the Netherlands
63%
MiraGEOElena María ÁlvarezMadrid, Spain
63%
Vigil707th SMBChul Kyung Hwa[[REDACTED]]
63%
WamaiNIGHTHAVENNgũgĩ Muchoki FurahaLamu, Kenya
63%
CaveiraBOPETaina PereiraRinópolis, Brazil
58%
ClashGSUTRMorowa EvansLondon, England
58%
ElaGROMElżbieta BosakWrocław, Poland
58%
ZeroROSSamuel Leo FisherBaltimore, Maryland
58%
AruniNIGHTHAVENApha TawanroongTa Phraya District, Thailand
54%
FloresUNAFFILIATEDSantiago Miguel LuceroBuenos Aires, Argentina
54%
KaidGIGRJalal El FassiAroumd, Morocco
54%
LesionSDULiu Tze LongJunk Bay, Hong Kong
54%
MaestroGISAdriano MartelloRome, Italy
54%
MelusiITFThandiwe NdlovuLouwsburg, South Africa
54%
ThunderbirdSTAR-NET AviationMina SkyNakoda Territories, Saskatchewan, Canada
54%
ValkyrieNavy SEALsMeghan J. CastellanoOceanside, CA
54%
AlibiGISAria de LucaTripoli, Libya
50%
GoyoFESCésar Ruiz HernándezCuliacán Rosales, Mexico
50%
OryxGIGRSaif Al HadidAzraq, Jordan
46%
Other:RecruitN.A.N.A.N.A.
38%

Score Distribution

Percentile by Number Answered

Percent of People with Each Score

Your Score History

You have not taken this quiz since the last reset